[Event "Villa Ballester op 73rd"]
[Site "Buenos Aires"]
[Date "2024.01.26"]
[Round "7"]
[White "Montiel Marin, Micaela Agustina"]
[Black "Alvarez, Leonardo Fabian"]
[Result "1/2-1/2"]
[WhiteElo "1643"]
[BlackElo "1880"]
[PlyCount "81"]
[EventDate "2024.01.19"]
[EventType "swiss"]
[EventRounds "9"]
[EventCountry "ARG"]
[SourceTitle "CB06_2024"]
[SourceDate "2024.02.07"]
[SourceVersion "1"]
[SourceVersionDate "2024.02.07"]
[SourceQuality "1"]

1. c4 c5 2. Nf3 Nc6 3. d4 cxd4 4. Nxd4 g6 5. Nc3 Bg7 6. Nxc6 bxc6 7. g3 Nf6 8. Bg2 0-0 9. 0-0 Rb8 10. Qc2 Qb6 11. b3 d6 12. Bb2 Be6 13. e4 Qb7 14. Qe2 Nd7 15. Na4 Bxb2 16. Nxb2 a5 17. Na4 Nb6 18. Nxb6 Qxb6 19. Rab1 Qc5 20. Rfd1 a4 21. Bf1 axb3 22. axb3 Rb4 23. Qd3 Rfb8 24. Rdc1 Qb6 25. Qc2 Rxb3 26. Rxb3 Qxb3 27. Qxb3 Rxb3 28. c5 d5 29. exd5 Bxd5 30. Bc4 Bxc4 31. Rxc4 Kg7 32. Kg2 e5 33. Rc2 Kf6 34. Rd2 Rc3 35. Rd6+ Ke7 36. Rxc6 Kd7 37. Rd6+ Ke7 38. Rc6 e4 39. g4 Rf3 40. Rb6 Rc3 41. Rb4 1/2-1/2

[Event "ARG-ch (Women) 74th"]
[Site "Buenos Aires"]
[Date "2023.11.26"]
[Round "7"]
[White "Flores Mirabal, Nancy"]
[Black "Montiel Marin, Micaela Agustina"]
[Result "1-0"]
[WhiteElo "1937"]
[BlackElo "1631"]
[PlyCount "109"]
[EventDate "2023.11.20"]
[EventType "swiss"]
[EventRounds "9"]
[EventCountry "ARG"]
[SourceTitle "CB49_2023"]
[SourceDate "2023.12.06"]
[SourceVersion "1"]
[SourceVersionDate "2023.12.06"]
[SourceQuality "1"]

1. c4 g6 2. Nc3 Bg7 3. g3 d6 4. Bg2 e5 5. d3 f5 6. e4 Nf6 7. exf5 gxf5 8. Bg5 0-0 9. Nd5 Nbd7 10. Qd2 c6 11. Ne3 Qb6 12. Ne2 Ne8 13. 0-0 h6 14. Bh4 f4 15. gxf4 exf4 16. Nxf4 Rxf4 17. Nd5 cxd5 18. Qxf4 dxc4 19. Bd5+ Kh8 20. Qf7 Nef6 21. Rae1 Qd8 22. Re7 Qf8 23. dxc4 Qxf7 24. Bxf7 Ne5 25. f4 Nc6 26. Rc7 Bh3 27. Rf3 Bf5 28. Rxb7 Nd4 29. Re3 Ng4 30. Ra3 Ne2+ 31. Kf1 Nxf4 32. Bg3 Nd3 33. Raxa7 Rxa7 34. Rxa7 Bd4 35. Ra5 Ne3+ 36. Ke2 Nxb2 37. Kf3 Bg4+ 38. Ke4 Nc2 39. Bxd6 Kg7 40. Bd5 Kf6 41. Be5+ Bxe5 42. Ra6+ Kg5 43. Kxe5 Nd3+ 44. Kd6 Ne3 45. Ra3 Nf5+ 46. Kc7 Ne5 47. c5 Nd4 48. Kb7 Bd7 49. Ra6 Bb5 50. Rb6 Nd7 51. c6 Nxb6 52. Kxb6 Bxc6 53. Bxc6 Kh4 54. a4 Nb3 55. Bd5 1-0

[Event "ARG-ch (Women) 74th"]
[Site "Buenos Aires"]
[Date "2023.11.21"]
[Round "2"]
[White "Montiel Marin, Micaela Agustina"]
[Black "Herrera, Lara"]
[Result "1/2-1/2"]
[WhiteElo "1631"]
[BlackElo "1391"]
[PlyCount "104"]
[EventDate "2023.11.20"]
[EventType "swiss"]
[EventRounds "9"]
[EventCountry "ARG"]
[SourceTitle "CB49_2023"]
[SourceDate "2023.12.06"]
[SourceVersion "1"]
[SourceVersionDate "2023.12.06"]
[SourceQuality "1"]

1. d4 Nf6 2. Nf3 d5 3. g3 Bf5 4. Nh4 Bg6 5. Nxg6 hxg6 6. Bg2 e6 7. 0-0 Be7 8. c4 c6 9. Nc3 Nbd7 10. cxd5 exd5 11. Re1 Bb4 12. Qc2 Qc7 13. Bf4 Qb6 14. a3 Bxc3 15. bxc3 0-0 16. Reb1 Qa6 17. Rb4 Rfe8 18. Bf1 b5 19. Qb2 Nh5 20. e3 Nxf4 21. exf4 Qb6 22. a4 a6 23. axb5 axb5 24. c4 Rxa1 25. Qxa1 dxc4 26. Bxc4 Qb7 27. d5 cxd5 28. Rxb5 Qc6 29. Rxd5 Qxc4 30. Rxd7 Qc6 31. Rd1 Qf3 32. Qd4 Qe2 33. Qd3 Qg4 34. Kg2 Kh7 35. h3 Qe6 36. Qd5 Qf6 37. Qf3 Rc8 38. g4 Rc3 39. Qe4 Rb3 40. Rd5 Rb8 41. Kg3 Qc3+ 42. Rd3 Qc5 43. Qe5 Qb5 44. Qxb5 Rxb5 45. h4 f6 46. Kf3 Kh6 47. Kg3 f5 48. Rd8 Kh7 49. g5 Rb3+ 50. Kg2 Rb4 51. Kg3 Rb3+ 52. Kg2 Rb4 1/2-1/2

[Event "ARG-ch U20"]
[Site "Buenos Aires"]
[Date "2023.02.17"]
[Round "2"]
[White "Montiel Marin, Micaela Agustina"]
[Black "Menduni Gavarotto, Juliana Agosti"]
[Result "0-1"]
[WhiteElo "1316"]
[BlackElo "1651"]
[PlyCount "58"]
[EventDate "2023.02.17"]
[EventType "swiss"]
[EventRounds "9"]
[EventCountry "ARG"]
[SourceTitle "EXT 2024"]
[Source "ChessBase"]
[SourceDate "2023.10.10"]
[SourceVersion "1"]
[SourceVersionDate "2023.10.10"]
[SourceQuality "1"]

1. d4 d5 2. Bf4 Nf6 3. Nf3 e6 4. e3 c5 5. Be2 Nc6 6. c3 Bd6 7. Ne5 Qc7 8. Nxc6 bxc6 9. Bxd6 Qxd6 10. Nd2 0-0 11. 0-0 cxd4 12. exd4 Bd7 13. Bd3 Rfe8 14. f4 c5 15. g4 cxd4 16. g5 Ne4 17. Nxe4 dxe4 18. Bxe4 Rab8 19. Rb1 e5 20. f5 Bb5 21. Rf2 Qc5 22. Qh5 d3 23. g6 fxg6 24. fxg6 h6 25. Rd1 Rf8 26. Qh4 Rf4 27. Bd5+ Qxd5 28. Rxf4 exf4 29. Qxf4 Qg5+ 0-1

[Event "ARG-ch U12 Girls"]
[Site "Buenos Aires"]
[Date "2019.03.05"]
[Round "9.5"]
[White "Albertengo, Valentina"]
[Black "Montiel Marin, Micaela Agustina"]
[Result "0-1"]
[WhiteElo "1081"]
[BlackElo "1354"]
[PlyCount "112"]
[EventDate "2019.03.01"]
[EventType "swiss"]
[EventRounds "9"]
[EventCountry "ARG"]
[SourceTitle "EXT 2024"]
[Source "ChessBase"]
[SourceDate "2023.10.10"]
[SourceVersion "1"]
[SourceVersionDate "2023.10.10"]
[SourceQuality "1"]

1. e4 c5 2. Nf3 d6 3. Bb5+ Bd7 4. Bxd7+ Qxd7 5. 0-0 Nc6 6. Nc3 Nf6 7. d4 cxd4 8. Nxd4 g6 9. Bg5 Bg7 10. Nxc6 Qxc6 11. Re1 Rd8 12. Qf3 0-0 13. Rad1 Qc7 14. h3 h6 15. Bxf6 Bxf6 16. Rd2 Bxc3 17. Qxc3 Qxc3 18. bxc3 Rc8 19. Rd3 Rc4 20. f3 Rfc8 21. Rb1 b6 22. Rb3 Ra4 23. a3 Rc5 24. Rd5 Rxd5 25. exd5 Ra5 26. c4 Rc5 27. Rb4 Kg7 28. Kf2 Kf6 29. Ke3 Ke5 30. c3 Ra5 31. Rb3 Ra4 32. Kd3 h5 33. g4 hxg4 34. hxg4 f5 35. gxf5 gxf5 36. Ke3 Rxc4 37. Kd3 Rc5 38. Ke3 Rxd5 39. f4+ Kf6 40. c4 Rc5 41. Rc3 b5 42. Kd4 bxc4 43. Rxc4 Rxc4+ 44. Kxc4 e5 45. fxe5+ dxe5 46. Kd3 Ke6 47. Ke2 Kd5 48. Kd3 f4 49. Ke2 e4 50. Kd2 Kd4 51. Kc2 f3 52. Kb3 f2 53. Kb4 f1Q 54. Kb3 Qb1+ 55. Ka4 Kc4 56. Ka5 Qb5# 0-1